000 00298nam a22001217a 4500
008 170208b xxu||||| |||| 00| 0 eng d
041 _aeng
080 _a61
100 _a4
101 _aSHM
245 _aTHE TRATMENT OF ACUTE CRANIOCEREBRAL INJURIES DUE TO MISSILES
_cMATSON, D.D
942 _2udc
_cBK
999 _c4988
_d4988